Missing Word: Cowbell Songs (A-Z) Quiz Stats

 Plays Quiz Updated Dec 23, 2017

Challenge
Share
Tweet
Embed
Score 0/24 Timer 04:00
0 Plays Today
Song Title Missing Word % Correct
I Want _____ (Y)You
95.3%
All Together _____ (N)Now
95.1%
_____ Time Will Tell (O)Only
94.4%
Old _____ Rock and Roll (T)Time
93.4%
You're so _____ (V)Vain
92.7%
Man in the _____ (M)Mirror
90.1%
Out _____ the Lights (G)Go
88.7%
_____ On, I'm Comin' (H)Hold
85.3%
_____ Talkin' (J)Jive
84.9%
_____ Fly (For a White Guy) (P)Pretty
84.1%
It's So _____ (E)Easy
83.8%
Born on the _____ (B)Bayou
81.4%
Song Title Missing Word % Correct
Rapper's _____ (D)Delight
80.5%
Mississippi _____ (Q)Queen
79.6%
That Don't _____ Me Much (I)Impress
74.8%
_____ Lobster (R)Rock
72.2%
Gold Dust _____ (W)Woman
65.8%
_____ She Was (A)And
65.6%
_____ Your Mind (F)Free
64.9%
_____ Rider (L) Low
62.6%
_____ Q (S)Susie
59.5%
Fool for the _____ (C)City
33.2%
_____ of the Snake (U)Union
28.3%
_____ In (K)Kickin'
18.5%

Today's Daily Dose

Missing Word
Top 10 Artists

Word Ladder
'70s Song II

On This Day
October 20th II

You're not logged in!

Compare scores with friends on all Sporcle quizzes.
Join for Free
OR
Log In

You Might Also Like...

Show Comments

Extras

Top Quizzes Today


Score Distribution

Your Account Isn't Verified!

In order to create a playlist on Sporcle, you need to verify the email address you used during registration. Go to your Sporcle Settings to finish the process.

Report this User

Report this user for behavior that violates our Community Guidelines.

Details: